MARC

LEADER 00000nam0a2200000 4500
001 251446
005 20231101232646.0
010 |a 5250004938 
020 |a RU  |b 89-21634 
035 |a (RuTPU)RU\TPU\book\273738 
090 |a 251446 
100 |a 20140221d1989 km y0rusy5003 ca 
101 0 |a rus 
102 |a RU 
105 |a y z 001zy 
200 1 |a Бюрократизм - на суд гласности!  |f Е. И. Комаров 
210 |a Москва  |c Политиздат  |d 1989 
215 |a 333,[1] с. 
320 |a Библиогр. в примеч.: с. 326-332. 
606 1 |a Экономика  |x СССР  |2 stltpush  |3 (RuTPU)RU\TPU\subj\37359  |9 58390 
606 1 |a Административное право  |y Россия  |2 stltpush  |3 (RuTPU)RU\TPU\subj\1532  |9 30301 
606 1 |a Политические системы  |y Россия  |y СССР  |z 20 в.  |2 stltpush  |3 (RuTPU)RU\TPU\subj\67660  |9 83381 
610 1 |a КПСС 
610 1 |a негативные явления 
610 1 |a бюрократизм 
610 1 |a право 
610 1 |a гласность 
686 |a У9(2)0  |2 rubbk 
686 |a Х621  |2 rubbk 
686 |a Ф3(2)1  |2 rubbk 
700 1 |a Комаров  |b Е. И.  |g Евгений Иванович  |4 070 
801 0 |a RU  |b RuMRKP  |c 19950417  |g psbo 
801 1 |a RU  |b 63413507  |c 20140221 
801 2 |a RU  |b 63413507  |c 20140227  |g RCR 
942 |c BK